[Event "CHI-ch sf"]
[Site "Villa Alemana"]
[Date "2023.01.18"]
[Round "2"]
[White "Chavez Pena, Gonzalo Ignacio"]
[Black "Cuevas Araya, Walter"]
[Result "0-1"]
[WhiteElo "1745"]
[BlackElo "2128"]
[PlyCount "80"]
[EventDate "2023.01.18"]
[EventType "swiss"]
[EventRounds "8"]
[EventCountry "CHI"]
[SourceTitle "CBM 212 Extra"]
[Source "ChessBase"]
[SourceDate "2023.03.31"]
[SourceVersion "1"]
[SourceVersionDate "2023.03.31"]
[SourceQuality "1"]

1. e4 c6 2. d4 d5 3. exd5 cxd5 4. c4 Nf6 5. Nc3 Nc6 6. Nf3 Bg4 7. Be3 e6 8. Be2 Be7 9. 0-0 0-0 10. Re1 dxc4 11. Bxc4 Rc8 12. Be2 Nb4 13. h3 Bh5 14. Ne5 Bxe2 15. Rxe2 Nfd5 16. Qb3 Nxc3 17. bxc3 Nd5 18. c4 Nxe3 19. fxe3 Qc7 20. c5 b6 21. cxb6 axb6 22. Rb1 Bd6 23. Nf3 Rfd8 24. e4 Bf4 25. e5 Rb8 26. Re4 Bc1 27. Re1 Bh6 28. g4 Bf4 29. Re4 g5 30. h4 h6 31. h5 Qc6 32. Re2 Rdc8 33. Rbb2 Qc1+ 34. Re1 Qc6 35. Ree2 Qa8 36. Kf2 Rc1 37. Rbc2 Rxc2 38. Rxc2 Qe4 39. Re2 Bg3+ 40. Kf1 Qxg4 0-1

[Event "Titled Tuesday intern op 06th Dec Late"]
[Site "Chess.com INT"]
[Date "2022.12.06"]
[Round "5"]
[White "Cuevas Araya, Walter"]
[Black "Przybylski, Wojciech"]
[Result "0-1"]
[WhiteElo "2066"]
[BlackElo "2321"]
[PlyCount "52"]
[EventDate "2022.12.06"]
[EventType "swiss (blitz)"]
[EventRounds "11"]
[EventCountry "USA"]
[SourceTitle "CBM 211 Extra"]
[Source "ChessBase"]
[SourceDate "2023.01.31"]
[SourceVersion "1"]
[SourceVersionDate "2023.01.31"]
[SourceQuality "1"]

1. e4 e5 2. d4 exd4 3. c3 d5 4. exd5 Qxd5 5. cxd4 Nc6 6. Nf3 Bg4 7. Be2 0-0-0 8. Nc3 Qh5 9. Be3 Nf6 10. 0-0 Bd6 11. h3 Bxh3 12. gxh3 Qxh3 13. Qc1 g5 14. Nxg5 Rhg8 15. f4 Rxg5+ 16. Kf2 Rg2+ 17. Ke1 Re8 18. Rf3 Qg4 19. Rf2 Qg3 20. Nd1 Ne4 21. Bf3 Bb4+ 22. Ke2 Nxd4+ 23. Kd3 Nxf2+ 24. Nxf2 Qxf3 25. Kxd4 Rxf2 26. Bxf2 Qe4# 0-1

[Event "Titled Tuesday intern op 06th Dec Late"]
[Site "Chess.com INT"]
[Date "2022.12.06"]
[Round "7"]
[White "Quinonez Garcia, Santiago"]
[Black "Cuevas Araya, Walter"]
[Result "1-0"]
[WhiteElo "2280"]
[BlackElo "2066"]
[PlyCount "87"]
[EventDate "2022.12.06"]
[EventType "swiss (blitz)"]
[EventRounds "11"]
[EventCountry "USA"]
[SourceTitle "CBM 211 Extra"]
[Source "ChessBase"]
[SourceDate "2023.01.31"]
[SourceVersion "1"]
[SourceVersionDate "2023.01.31"]
[SourceQuality "1"]

1. e4 c6 2. d4 d5 3. exd5 cxd5 4. c4 Nf6 5. Nc3 g6 6. Nf3 Bg7 7. cxd5 Nxd5 8. Bc4 Nxc3 9. bxc3 0-0 10. 0-0 Bg4 11. h3 Bd7 12. Re1 e6 13. Ne5 Nc6 14. Ba3 Nxe5 15. dxe5 Re8 16. Bd6 Bc6 17. Qe2 Qg5 18. f3 Rad8 19. Rad1 Qf4 20. Bb5 Bxb5 21. Qxb5 b6 22. Rd4 Qg3 23. Red1 Bf8 24. Rg4 Rxd6 25. exd6 Qxg4 26. hxg4 Rd8 27. d7 Bc5+ 28. Kh2 Kf8 29. Qa6 Ke7 30. Qxa7 h6 31. a4 Bd6+ 32. Kg1 Rxd7 33. Qxb6 h5 34. gxh5 gxh5 35. Kf1 f5 36. a5 h4 37. a6 h3 38. gxh3 Bc7 39. Rxd7+ Kxd7 40. Qxe6+ Kxe6 41. a7 Be5 42. c4 Bd4 43. a8Q Ke5 44. Qd5+ 1-0